| 000 | 00351nam a2200145 a 4500 | ||
|---|---|---|---|
| 001 | 2545 | ||
| 003 | CDMR | ||
| 005 | 20130116135232.0 | ||
| 008 | 130130s1977||||||||||||||||||||||||||||d | ||
| 040 |
_aCDMR _bcat _cCDMR |
||
| 100 | 1 |
_aScianna, Ferdinando _91911 |
|
| 245 | 1 | 4 |
_aLes siciliens _cSCIANNA, Ferdinando |
| 260 |
_aParis _c1977 _bDenoƫl |
||
| 942 | _cMON | ||
| 999 |
_c2545 _d2545 |
||